| 000 | 02876cam a22003975a 4500 | ||
|---|---|---|---|
| 001 | 015659378 | ||
| 003 | EG-ScBUE | ||
| 005 | 20220918093430.0 | ||
| 006 | m||||fq||h 00| 0 | ||
| 008 | 101028t2011 njua f 001 0 eng d | ||
| 020 | _a9780470916568 (pbk.) | ||
| 020 | _a0470916567 (pbk.) | ||
| 040 |
_aStDuBDS _beng _erda _cStDuBDS _dUk _dEG-ScBUE |
||
| 082 | 0 | 4 |
_a720.285 _bONS _222 |
| 100 | 1 |
_aOnstott, Scott, _eauthor. _938881 |
|
| 245 | 1 | 0 |
_aEnhancing architectural drawings and models with photoshop / _cScott Onstott. |
| 264 | 1 |
_aHoboken : _bJohn Wiley & Sons, _c[2011] |
|
| 264 | 4 | _cc2011 | |
| 300 |
_axviii, 341 pages : _billustrations (some color) ; _c24 cm + _e1 DVD |
||
| 336 |
_2rdacontent _atext _btxt |
||
| 336 |
_2rdacontent _aspoken word _bspw |
||
| 337 |
_2rdamedia _aunmediated _bn |
||
| 337 |
_2rdamedia _avideo _bv |
||
| 338 |
_2rdacarrier _avolume _bnc |
||
| 338 |
_2rdacarrier _avideodisc _bvd |
||
| 500 | _aIncludes index. | ||
| 505 | 8 | _aChapter 1: Working with Plans and Elevations -- Chapter 2: Stretching the Photographic Truth -- Chapter 3: Creating Texture Maps -- Chapter 4: Crafting Interactive Panoramas -- Chapter 5: Shooting Multiple Exposures -- Chapter 6: Compositing Imagery from 3D Applications --- Chapter 7: Working with Imported 3D Models -- Chapter 8: Illustrating 3D Models 2 -- Chapter 9: Integrating 3D Models with Photos -- Chapter 10: Playing with Depth Perception -- Chapter 11: Animating with Photoshop. | |
| 520 | _a"Transform your CAD drawings into powerful presentation This one-of-a-kind book shows you how to use Photoshop to turn CAD drawings and BIM models into artistic presentations with captivating animations, videos, and dynamic 3D imagery. The techniques apply to all leading architectural design software including AutoCAD, Revit, and 3ds Max Design. Video tutorials on the DVD improve your learning curve and let you compare your work with the author's. Turn CAD drawings and BIM models into powerful presentations featuring animation, videos, and 3D imagery for enhanced client appeal Craft interactive panoramas for your Web site, add people and objects to your models, and integrate 3D object models inside architectural interiors Build 3D models from photos and turn them into videos with AfterEffects, add depth of field and atmospheric effects to 3D models, create stereographic images, and much more See how it's done with the video tutorials on the DVD Take full advantage of Photoshop's power to present your architectural drawings in a new and exciting way."--Provided by publisher. | ||
| 630 | 0 | 7 |
_aAdobe Photoshop. _2BUEsh _937025 |
| 650 | 7 |
_aArchitectural drawing _xComputer-aided design. _2BUEsh _925994 |
|
| 650 | 7 |
_aArchitectural models _xComputer simulation. _2BUEsh |
|
| 651 | _2BUEsh | ||
| 653 |
_bENGARC _cAugust2015 _cDecember2015 |
||
| 655 |
_vReading book _934232 |
||
| 942 |
_2ddc _cBB |
||
| 999 |
_c20732 _d20704 |
||